| 000 | 00496nam a2200181 a 4500 | ||
|---|---|---|---|
| 001 | 000042751 | ||
| 005 | 20201002040354.0 | ||
| 008 | 140206s1990 sp ac 000 0 spa d | ||
| 020 | _a8423919072 | ||
| 040 |
_aDO-SdBNP _bspa _cBNPHU |
||
| 082 |
_axxx _bS161c |
||
| 100 | 1 |
_aSalaün, Serge _970074 |
|
| 245 | 1 | 3 |
_aEl Cuplé (1900-1936) / _cSerge Salaün. |
| 260 |
_aMadrid : _bEspasa Calpe, _c1990. |
||
| 300 |
_a362 p. : _bil. ; _c18 cm. |
||
| 490 | 1 |
_aAustral _v107 |
|
| 830 | 0 |
_aAustral _n107 _970075 |
|
| 999 |
_c42240 _d42240 |
||